| 000 | 00993cab a2200325 4500 | ||
|---|---|---|---|
| 001 | WB2846-48 | ||
| 008 | 090401t1992 xxu||||| |||| 00| 0 eng d | ||
| 035 | _a(Sirsi) u68780 | ||
| 041 | _aeng | ||
| 245 | _aJubilee line | ||
| 260 | _c1992 | ||
| 350 | _a0 | ||
| 490 |
_aTimes _v25 November 1992, 40 |
||
| 490 |
_aEvening Standard _v25 November 1992, 2(3) |
||
| 520 | _aThe prospect of an extension to the Jubilee line will draw developers back to Docklands. For existing residents this will mean several years of building works in the area. Identifies development sites. | ||
| 650 | _aBANKS | ||
| 650 | _aCANARY WHARF | ||
| 650 | _aFUNDING | ||
| 650 | _aHOUSE BUILDING | ||
| 650 | _aISLE OF DOGS | ||
| 650 | _aJUBILEE LINE EXTENSION | ||
| 650 | _aLIMEHOUSE LINK ROAD | ||
| 650 | _aLONDON DOCKLANDS | ||
| 650 | _aTRANSPORT | ||
| 650 | _aUSA | ||
| 690 | _aPROPERTY-PROPERTY DEVELOPMENT | ||
| 690 | _aTRANSPORT AND COMMUNICATIONS | ||
| 942 | _n0 | ||
| 948 | _c04/03/1997 | ||
| 999 |
_c43171 _d43171 |
||